01403cam a22003135a 45000010009000000050017000090080041000260200018000670400060000850820021001452450053001662600060002193000041002794900039003205000024003595000027003835040041004106500025004516500041004766510010005176530019005276550024005467000028005709420021005989990017006199520151006369520151007879520151009381662396220150531113104.0110125t2011 enka frbd f001 0 eng d a9780199533930 aNLMbengcNLMdQCLdCDXdYDXCPdGZWdUPMdDLCdEG-ScBUE04a612.015bCLI22200aClinical biochemistry /cedited by Nessar Ahmed. aOxford ;aNew York :bOxford University Press,cc.2011. axxv, 714 p. :bill. (col.) ;c25 cm.0 aFundamentals of biomedical science aIndex : p. 693-714. aGlossary : p. 669-691. aIncludes bibliographical references. 0aBiochemistry.2BUEsh22aChemistry, Clinicalxmethods.2BUEsh 2BUEsh bPPhrmcMay2015 vreading book9342321 aAhmed, Nessar,eeditor. 2ddck612.015 CLI c19471d19443 00102ddc40708BaccahaMAINbMAINc1STd2015-05-28epurchaseg320.00l4m15o612.015 CLIp000038355r2025-07-15 00:00:00s2021-11-07v400.00yBB 00102ddc40708BaccahaMAINbMAINc1STd2015-05-28epurchaseg320.00l3m11o612.015 CLIp000038354r2025-07-15 00:00:00s2018-03-05v400.00yBB 00102ddc40708BaccahaMAINbMAINc1STd2015-05-28epurchaseg320.00l5m11o612.015 CLIp000038374r2025-07-15 00:00:00s2024-02-29v400.00yBB